{"text_format":"3","workbook":"xls","n_sheets":1,"sheets":["sheet1"],"read":"whole","date_system":"1900","formulas":"cached_only"}

{"sheet":"sheet1","index":0,"n_rows":18,"n_cols":10,"rows_kept":18,"flags":["formulas_cached_only"]}
["序号","名称","规格尺寸","用材/工艺","单位","价格(含税)","价格(不含税)","增值税率%","数量","金额小计（含税价）"]
[1,"名片","5.4cmx9cm","300g刚古纸+正反二色","盒",33.24,29.42,13,100,3324]
[2,"海报","57cmx84cm","250g铜版纸单面四色","张",4.89,4.33,13,1000,4890]
[3,"一折页","21cmx9.5cm","250g铜版纸正反四色","张",0.47,0.42,13,10000,4700]
[4,"二折页","21cmx19cm","250g铜版纸正反四色折成品","张",0.5,0.44,13,10000,5000]
[5,"三折页","28.5cmx21cm","250g铜版纸正反四色折成品","张",0.6,0.53,13,10000,6000]
[6,"四折页","36cmx21cm","250g铜版纸正反四色折成","张",0.73,0.65,13,10000,7300]
[7,"五折页","47.5cmx21cm","250g铜版纸正反四色折成品","张",0.83,0.73,13,10000,8300]
[8,"六折页","58.5cmx21cm","250g铜版纸正反四色折成品","张",0.95,0.84,13,10000,9500]
[9,"七折页","66.5cmx21cm","250g铜版纸正反四色折成品","张",0.85,0.75,13,10000,8500]
[10,"八折页","76cmx21cm","250g铜版纸正反四色折成品","张",0.95,0.84,13,10000,9500]
[11,"九折页","85.5cmx21cm","250g铜版纸正反四色折成品","张",1.08,0.96,13,10000,10800]
[12,"宣传单页","21cmx28.5cm","250g铜版纸正反四色折成品","张",0.42,0.37,13,10000,4200]
[13,"宣传册","21cmx28.5cm","封面250g铜板覆膜正反四色4p，内文157g铜板正反四色60p无线胶装","本",5.43,4.81,13,10000,54300]
[14,"口袋书","21cmx14.5cm","封面250g铜板覆膜正反四色4p，内文157g铜板正反四色100p无线胶装","本",4.5,3.98,13,10000,45000]
[15,"X展架(含支架)","180cmx80cm","全铝材合金美式支架+相纸画面（220g福莱森特新型环保相纸材料）","套",108.02,95.59,13,1,108.02]
[16,"易拉宝","200cmx80cm","铝合金加厚架子+相纸画面（220g福莱森特新型环保相纸材料）","套",99.71,88.24,13,1,99.71]
[null,"合计",{"$nulls":7},181521.72999999998]